00566nam a2200181Ia 450000500170000000800410001702000150005808200210007324500730009426000480016730000170021565000110023265000100024365000130025394200060026695200970027299900150036920250117014802.0240331s9999 xx 000 0 und d a0252060636 bDIA23558a305.3 0aSeduction & Theory:bReading of Gender, Representation, and Rhetoric aChicagobUniversity of Illinois Pressc1989 avii, 250 p., aGender aWomen aFeminism cL 001040708LaWERCLbWERCLcSSCd2024-03-31l0o 305.3 Hunp3558r2024-03-31w2024-03-31yL c1595d1595